Data mining : (Record no. 169997)

MARC details
000 -LEADER
fixed length control field 00968nam a2200301 a 4500
008 - FIXED-LENGTH DATA ELEMENTS--GENERAL INFORMATION
fixed length control field
020 ## - INTERNATIONAL STANDARD BOOK NUMBER
International Standard Book Number 9780123814791 (hardback)
040 ## - CATALOGING SOURCE
Original cataloging agency NUST
Transcribing agency NUST
049 ## - LOCAL HOLDINGS (OCLC)
Holding library MAIN
090 ## - LOCALLY ASSIGNED LC-TYPE CALL NUMBER (OCLC); LOCAL CALL NUMBER (RLIN)
Classification number (OCLC) (R) ; Classification number, CALL (RLIN) (NR) QA76.9.D343
Local cutter number (OCLC) ; Book number/undivided call number, CALL (RLIN) HAN
003 - CONTROL NUMBER IDENTIFIER
control field
005 - DATE AND TIME OF LATEST TRANSACTION
control field 20260211160329.0
100 1# - MAIN ENTRY--PERSONAL NAME
Personal name Han, Jiawei.,
-- author.
245 10 - TITLE STATEMENT
Title Data mining :
Remainder of title concepts and techniques/
Statement of responsibility, etc. Jiawei Han ; Micheline Kamber & Jian Pei.
250 ## - EDITION STATEMENT
Edition statement Third edition.
260 ## - PUBLICATION, DISTRIBUTION, ETC.
Place of publication, distribution, etc. Waltham, U.S.A :
Name of publisher, distributor, etc. Morgan Kaufmann,
Date of publication, distribution, etc. 2012.
300 ## - PHYSICAL DESCRIPTION
Extent xxxv, 703 pages :
Other physical details illustrations ;
Dimensions 25 cm.
336 ## - CONTENT TYPE
Content type term text
Content type code txt
Source rdacontent
337 ## - MEDIA TYPE
Media type term unmediated
Media type code n
Source rdamedia
338 ## - CARRIER TYPE
Carrier type term volume
Carrier type code nc
Source rdacarrier
500 ## - GENERAL NOTE
General note Includes index.
504 ## - BIBLIOGRAPHY, ETC. NOTE
Bibliography, etc. note Includes bibliographical references.
650 #1 - SUBJECT ADDED ENTRY--TOPICAL TERM
Topical term or geographic name entry element Data mining.
700 ## - ADDED ENTRY--PERSONAL NAME
Personal name Kamber, Micheline.,
-- author.
700 ## - ADDED ENTRY--PERSONAL NAME
Personal name Pei, Jian.,
-- author.
907 ## - LOCAL DATA ELEMENT G, LDG (RLIN)
a .b10414678
b 16-01-23
c 01-03-22
942 ## - ADDED ENTRY ELEMENTS (KOHA)
Koha item type Ordinary Loan Books
Call number prefix QA76.9.D343
Call number suffix HAN
Koha issues (borrowed), all copies 1
Holdings
Date last seen Total Checkouts Full call number Barcode Date last checked out Cost, replacement price Price effective from Koha item type Lost status Source of classification or shelving scheme Damaged status Not for loan Collection Withdrawn status Home library Current library Shelving location Date acquired Cost, normal purchase price
03/03/2026 1 QA76.9.D343 HAN 92004051461 02/11/2026 80.00 01/23/2023 BOOKS   LCC     NFIC   MAIN MAIN GEN 01/23/2023 80.00